| 000 | 00497nam a2200169 a 4500 | ||
|---|---|---|---|
| 001 | 4767 | ||
| 003 | CDMR | ||
| 005 | 20130605100607.0 | ||
| 008 | 130130s1990||||||||||||||||||||||||||||d | ||
| 040 |
_aCDMR _bcat _cCDMR |
||
| 245 | 0 | 0 |
_aHistòria del fotoperiodisme a Catalunya _b: 1885-1976 |
| 260 |
_aBarcelona _c1990 _bAjuntament de Barcelona |
||
| 500 | _acatàleg d'exposició | ||
| 650 | 0 | 4 |
_93679 _aFotoperiodisme _xExposicions |
| 650 | 0 | 4 |
_93144 _aFotografia _zCatalunya _xHistòria |
| 942 |
_cMON _2ddc |
||
| 999 |
_c4767 _d4767 |
||